De un otro al otro: 1968-1969
Guardat en:
| Autor principal: | |
|---|---|
| Format: | Llibre |
| Idioma: | espanyol |
| Publicat: |
Buenos Aires
Paidós
2008
|
| Edició: | 1a. ed |
| Col·lecció: | El Seminario de Jacques Lacan, 16
|
| Matèries: | |
| Etiquetes: |
Afegir etiqueta
Sense etiquetes, Sigues el primer a etiquetar aquest registre!
|
MARC
| LEADER | 00000cam a2200000 a 4500 | ||
|---|---|---|---|
| 001 | UCF9037 | ||
| 003 | CL-VaPUC | ||
| 008 | 131018e20080000ag |||||||||||||||||spa|d | ||
| 020 | |a 9789501239805 | ||
| 082 | 0 | 4 | |a 150.195 |b LAC |2 21 |
| 100 | |a Lacan, Jacques-Marie Émile |e author |9 575715 | ||
| 245 | 1 | 0 | |a De un otro al otro: 1968-1969 |
| 250 | |a 1a. ed | ||
| 300 | |a 393 p | ||
| 942 | |c BK | ||
| 945 | |d 20131018 14:00:00 |a dcastane | ||
| 260 | |a Buenos Aires |b Paidós |c 2008 | ||
| 650 | 0 | |a Psicología |9 257863 | |
| 650 | 0 | |a Psicoanálisis |9 265702 | |
| 583 | |a last modification |c 20131018 14:00:00 |k Rodrigo Vera | ||
| 490 | 0 | |a El Seminario de Jacques Lacan, 16 | |
| 999 | |c 353522 |d 353520 | ||
| 952 | |0 0 |1 0 |3 erb |4 0 |6 150_195000000000000_LAC_2008 |7 0 |8 R |9 458836 |a BIBEDU |b BIBEDU |c MCIRC |d 2019-11-23 |i 5019486 |l 4 |m 2 |o 150.195 LAC 2008 |p 5019486 |r 2024-10-17 |s 2024-10-16 |w 2019-11-23 |y BK_R |z Catalogado en:20131018 |k PSI | ||